ORGANIC CHEMISTRY - REACTIONS (Record no. 366443)

MARC details
000 -LEADER
fixed length control field 00369nam a2200145Ia 4500
008 - FIXED-LENGTH DATA ELEMENTS--GENERAL INFORMATION
fixed length control field 100122s9999 xx 000 0 und d
082 ## - DEWEY DECIMAL CLASSIFICATION NUMBER
Item number 20653
Classification number 547
100 ## - MAIN ENTRY--PERSONAL NAME
Personal name AUTHER TO ENTER
245 ## - TITLE STATEMENT
Title ORGANIC CHEMISTRY - REACTIONS
260 ## - PUBLICATION, DISTRIBUTION, ETC. (IMPRINT)
Date of publication, distribution, etc 1957
300 ## - PHYSICAL DESCRIPTION
Extent 200
630 ## - SUBJECT ADDED ENTRY--UNIFORM TITLE
Uniform title ORGANIC CHEMISTRY - REACTIONS
730 ## - ADDED ENTRY--UNIFORM TITLE
Uniform title ORGANIC CHEMISTRY - REACTIONS
942 ## - ADDED ENTRY ELEMENTS (KOHA)
Koha item type Book
Holdings
Withdrawn status Lost status Damaged status Not for loan Home library Current library Date acquired Cost, normal purchase price Total Checkouts Full call number Barcode Date last seen Cost, replacement price Price effective from Koha item type Public note
        S.V. Pathak Library, Vile Parle S.V. Pathak Library, Vile Parle 09/24/1974 8.00   20653 SVPPARLE-20653 01/25/2010 8.00 01/25/2010 Book ", , General, NA"